000 00503nam a2200181Ia 4500
005 20250508153259.0
008 008 250505s9999 xx 000 0 hin d
037 _aTextual
040 _aFEDL
_beng
_cFEDL
041 _ahin
_2eng
084 _a572.4, NES
_qFEDL
100 _aNesturkh Mikhail
_9763605
245 0 _aManav ki utpatti aur kramik vikas
260 _aDelhi, India
_bAtma Tam and Sons
_c1963
300 _a406p
942 _cTEXL
_h572.4, NES
999 _c1341710
_d1341710